00738nam a2200241 a 4500001001300000003000900013005001700022008004100039020002300080082001600103100002300119245003200142260003300174300000900207500003500216505003100251650004000282700002300322902000800345942000700353952011900360999001700479nice12345678IN_TiNIC20260116015002.0070531s1993 onta grp 000 0 eng  a0836136470 c10000a303.66bLAN aLandis, Susan Mark aBut Why Don`t We Go to War? aOntariobHerald Press c1993 a236p aincludes index and biblioraphy2 aappendices, biblio, index, aPeace-Religious Aspect-Christianity1 aLandis, Susan Mark bSRS cBK 001040708StackRoom-aHMIbHMId2007-05-31g100.00l0o303.66 LANp11002031r2007-05-31v100.00w2007-05-31yBK c17837d17837